Canada Votes! Who Are You Voting For? Quiz Stats

 Plays Quiz not verified by Sporcle

Also try: Male or Female?
Challenge
Share
Tweet
Embed
Score 0/8 Timer 01:00
0 Plays Today
Party (enter the party name as below) Cast Your Vote! % Correct
Conservative Party???
27.1%
Liberal Party???
21.6%
New Democratic Party???
20.7%
Not Voting???
7.8%
Other???
6.6%
Bloc Québécois???
6.3%
Green Party???
5.2%
Undecided???
4.6%

You're not logged in!

Compare scores with friends on all Sporcle quizzes.
Join for Free
OR
Log In

You Might Also Like...

Show Comments

Extras

Created Apr 25, 2011ReportNominate
Tags:Canada Quiz, Cast Quiz, party, vote, voting

Top Quizzes Today


Score Distribution

Your Account Isn't Verified!

In order to create a playlist on Sporcle, you need to verify the email address you used during registration. Go to your Sporcle Settings to finish the process.

Report this User

Report this user for behavior that violates our Community Guidelines.

Details: